Online
Catalog

India : (Record no. 41886)

MARC details
000 -CABECERA
campo de control de longitud fija 00739nam a2200205 a 4500
001 - NÚMERO DE CONTROL
campo de control 000042397
005 - FECHA Y HORA DE LA ÚLTIMA TRANSACCIÓN
campo de control 20201002040128.0
008 - DATOS DE LONGITUD FIJA--INFORMACIÓN GENERAL
campo de control de longitud fija 131128s2009 sp 001 0 spa d
020 ## - NÚMERO INTERNACIONAL ESTÁNDAR DEL LIBRO
Número Internacional Estándar del Libro 9788449322297
040 ## - FUENTE DE LA CATALOGACIÓN
Centro catalogador/agencia de origen DO-SdBNP
Lengua de catalogación spa
Centro/agencia transcriptor BNPHU
100 1# - ENTRADA PRINCIPAL--NOMBRE DE PERSONA
Nombre de persona Nussbaum, Martha C.
9 (RLIN) 69510
240 10 - TÍTULO UNIFORME
Título uniforme The class within. Democracy, religious violence and India´s future.
245 10 - MENCIÓN DE TÍTULO
Título India :
Resto del título democracia y violencia religiosa. /
Mención de responsabilidad, etc. Martha C. Nussbaum; traducción, Vanesa Casanova.
260 ## - PUBLICACIÓN, DISTRIBUCIÓN, ETC.
Lugar de publicación, distribución, etc. Barcelona, :
Nombre del editor, distribuidor, etc. Paidós,
Fecha de publicación, distribución, etc. 2009.
300 ## - DESCRIPCIÓN FÍSICA
Extensión 447 p. ;
Dimensiones 24 cm.
490 1# - MENCIÓN DE SERIE
Mención de serie Paidós, Estado y Sociedad
Designación de volumen o secuencia 163
500 ## - NOTA GENERAL
Nota general Incluye índice onomástico
700 1# - PUNTO DE ACCESO ADICIONAL--NOMBRE DE PERSONA
Nombre de persona Casanova, Vanesa
Término indicativo de función/relación trad.
9 (RLIN) 69511
830 #0 - PUNTO DE ACCESO ADICIONAL DE SERIE-TÍTULO UNIFORME
Título uniforme Paidós, Estado y Sociedad
Designación de volumen o secuencia 163
9 (RLIN) 12469
Holdings
Estado de retiro Estado de pérdida Restricciones de uso No para préstamo Código de colección Localización permanente Ubicación/localización actual Ubicación en estantería Fecha de adquisición Número de inventario Total de préstamos Signatura topográfica completa Código de barras Fecha visto por última vez Precio válido a partir de Tipo de ítem Koha
      Excluido de préstamo Monografías: Libros y Folletos General General En catalogación 28.11.2013 LF1   42397-10 25.06.2020 25.06.2020 No se presta

Powered by Koha